Report on technical survey-samalkha (Record no. 416818)

000 -LEADER
fixed length control field 00434cam a22001217a 4500
008 - FIXED-LENGTH DATA ELEMENTS--GENERAL INFORMATION
fixed length control field 180718b1976 xxu||||| |||| 00| 0 eng d
082 ## - DEWEY DECIMAL CLASSIFICATION NUMBER
Classification number XAx5461 D378
245 ## - TITLE STATEMENT
Title Report on technical survey-samalkha
Statement of responsibility, etc. by Bureau of Economics And Statistics
260 ## - PUBLICATION, DISTRIBUTION, ETC.
Place of publication, distribution, etc. Delhi
Name of publisher, distributor, etc. Bureau of Economics And Statistics
Date of publication, distribution, etc. 1976
300 ## - PHYSICAL DESCRIPTION
Extent 27p.
650 ## - SUBJECT ADDED ENTRY--TOPICAL TERM
Topical term or geographic name entry element Rural development --India --Delhi (Union Ter.)
700 ## - ADDED ENTRY--PERSONAL NAME
Personal name India.Bureau of Economics And Statistics
Holdings
Withdrawn status Lost status Damaged status Not for loan Permanent Location Current Location Date acquired Full call number Barcode Date last seen Price effective from Koha item type
        Indian Institute of Public Administration Indian Institute of Public Administration 2009-03-19 XAx5461 D378 D1567 2018-07-21 2018-07-21 D

Powered by Koha